Fülep Lajos levelezése
Elmentve itt :
| Szerző: | |
|---|---|
| Adatforrás: | Philobibl |
| Dokumentumtípus: | Könyv |
| Nyelv: | magyar |
| Kulcsszavak: | művészetfilozófia művészettörténet Fülep Lajos |
| Megjelent: |
Tatabánya
József Attila Megyei Könyvtár
2009
|
| Sorozat: | Új Forrás könyvek
|
| LEADER | 00498nam a2200169 c 4500 | ||
|---|---|---|---|
| 001 | bibPHI0037765 | ||
| 005 | 20230728133836.1 | ||
| 008 | 090414s2009 hu 0 hun d | ||
| 100 | 1 | |a Vekerdi László | |
| 245 | 1 | 0 | |a Fülep Lajos levelezése |c Vekerdi László |
| 260 | |a Tatabánya |b József Attila Megyei Könyvtár |c 2009 | ||
| 300 | |a 210 p. | ||
| 490 | 1 | |a Új Forrás könyvek |v 40. | |
| 695 | |a művészetfilozófia | ||
| 695 | |a művészettörténet | ||
| 695 | |a Fülep Lajos | ||
| 830 | 0 | |a Új Forrás könyvek | |